Call Of Duty - Zombies & Extinction - Statistiques

Statistiques générales
  • Ce quiz a été pris 162 fois
    41 depuis la dernière actualisation
  • Le résultat moyen est 28 sur 79
Statistiques - réponses
Jeu Réponse % Correct
BO1 - Départ Kino Der Toten
81%
BO1 - DLC 4 Moon
76%
BO1 - DLC 3 Shangri-La
76%
BO1 - Départ FIVE
71%
BO2 - Départ Green Run (TranZit)
67%
BO2 - DLC 2 Mob Of The Dead
67%
WaW - DLC 2 Shi No Numa
67%
Vanguard - Bonus 2 Shi No Numa
67%
BO2 - DLC 3 Buried
62%
BO3 - Départ Shadows Of Evil
62%
WaW - DLC 1 Verrückt
62%
WaW - DLC 3 Der Riese
57%
WaW - Départ Nacht Der Untoten
57%
BO2 - Bonus Nuketown Zombies
57%
BO2 - DLC 4 Origins
57%
BO1 - DLC 1 Ascension
52%
BO1 - DLC 2 Call Of The Dead
52%
BO1 - Départ Dead Ops Arcade
52%
BO3 - DLC 1 Der Eisendrache
52%
BO2 - DLC 1 Die Rise
52%
BO4 - Départ IX
52%
BO3 - Bonus The Giant
52%
BO2 - Départ Ville
52%
BO4 - Départ Blood Of The Dead
48%
BO2 - Départ Ferme
48%
BO3 - DLC 3 Gorod Krovi
48%
BO4 - DLC 3 Alpha Omega
43%
BO4 - DLC 2 Ancient Evil
43%
BO2 - Départ Dépôt
38%
BO6 - Départ Liberty Falls
38%
BO3 - DLC 4 Revelations
38%
BO4 - Départ Voyage Of Despair
38%
BO3 - DLC 2 Zetsubou No Shima
38%
BO6 - Bonus 1 Citadelle Des Morts
33%
BO4 - Bonus Classified
33%
BO3 - Départ Dead Ops Arcade 2
33%
BOCW - Départ Die Maschine
33%
BO4 - DLC 4 Tag Der Toten
33%
BO7 - Bonus 1 Astra Malorum
29%
BOCW - Bonus 2 Contagion (Outbreak)
29%
BO4 - DLC 1 Dead Of The Night
29%
BOCW - Départ Dead Ops Arcade 3
29%
BO6 - Départ Terminus
29%
IW - Départ Zombies In Spaceland
29%
BO7 - Départ Ashes Of The Damned
24%
BOCW - Bonus 1 Firebase Z
24%
BOCW - Bonus 4 Forsaken
24%
AW - DLC 1 Outbreak
24%
BO6 - Bonus 4 Reckoning
24%
BO6 - Bonus 3 Shattered Veil
24%
WWII - DLC 1 The Darkest Shore
24%
WWII - DLC 2 The Shadowed Throne
24%
IW - DLC 3 Attack Of The Radioactive Thing
19%
WWII - DLC 3.2 Bodega Cervantes
19%
Vanguard - Départ Der Anfang
19%
BO7 - Bonus 1 Exit 115
19%
WWII - Départ Gröesten Haus
19%
BOCW - Bonus 3 Mauer Der Toten
19%
MWIII - Départ Operation Deadbolt (Urzikstan)
19%
IW - DLC 1 Rave In The Redwoods
19%
IW - DLC 2 Shaolin Shuffle
19%
IW - DLC 4 The Beast From Beyond
19%
WWII - Départ The Final Reich
19%
WWII - DLC 4 The Frozen Dawn
19%
BO6 - Bonus 2 The Tomb
19%
WWII - DLC 3 The Tortured Path
19%
WWII - DLC 3.3 U.S.S. Mount Olympus
19%
AW - DLC 3 Carrier
14%
AW - DLC 4 Descent
14%
BO7 - Départ Ferme Vandorn
14%
AW - DLC 2 Infection
14%
GHOSTS - Départ Point Of Contact
14%
Vanguard - Bonus 1 Terra Maledicta
14%
Vanguard - Bonus 3 The Archon
14%
GHOSTS - DLC 2 Mayday
10%
GHOSTS - DLC 1 Nightfall
10%
WWII - DLC 3.1 Altar Of Blood
5%
GHOSTS - DLC 3 Awakening
5%
GHOSTS - DLC 4 Exodus
5%
Aucun quiz correspondant
Distribution des résultats
% des personnes avec chaque résultat
Percentile par nombre de réponses
Votre historique - résultats
Vous n’avez pas pris ce quiz depuis la dernière actualisation